01697nam a22001577a 4500020001800000082001500018100003700033245003200070260005300102300000800155500122000163650001901383942000701402952011301409999001701522 a0-7914-5934-9 a303.66 COW aCoward, Harold & Smith, Gordon S aReligion and Peace Building aAlbanybState University of New York Pressc2004 a319 a1. A Moment of Opportunity? The Promise of Religious peacebuilding in an Era of religious and Ethnic Conflict: David Little and Scott Appleby PART I SPIRITUAL RESOURCES WITHIN RELIGIONS FOR PEACEBUILDING 2. In Search of The White Path: American Indian Peacebuilding: Michelene E. Pesantubbee 3. Hinduism and Peacebuuilding: Rajmohan Gandhi 4. Missed Opportunities: Buddhism and the Ethnic Strife in Sri Lanka and Tibet: Eva K. Neumaier 5. Confucianism and Peacebuilding: Judith A. Berling 6. Judiasm and Peacebuilding: Marc Gopin 7. islam and Peacebuilding: Continuities and Transitions: Frederick M. Denny 8. Christianity and Peacebuilding: Andrea Bartoli PART II CASE STUDIES IN RELIGION AND PEACEBUILDING 9. Creating spaces: Interreligious initiatives for Peace: Diane D'Souza 10. Case Studies in Religion and Peacebuilding: Cambodia: Catherine Morris 11. Gistory unrequited: Religion as provocateur and peacemaker in the Bosnian Conflict: Douglas M. Johnston and Jonathan Eastvold 12. Truth and Reconciliation: The South Africa Case: H. Russel Botman 13. Northern Ireland: Religion and the Peace Process: Patrick Grant 14. Religious Peacebuilding: From Potential to Action: Judy Carter and Gordon S. Smith  aReligion-Peace cBK 00104070aHMIbHMIcGENd2017-09-21g200.00l2o303.66 COWp020930r2022-11-17s2022-11-15w2017-09-21yBK c20646d20646